00359pab a2200121 454500008004000000100002400040245009800064260000900162300001400171362000800185650001000193773003400203180718b2007 xxu||||| |||| 00| 0 eng d aGinwright, Shawn A. aBlack youth activism and the role of critical social capital in black community organizations c2007 ap.403-18. aNov aYouth aAmerican Behavioral Scientist